| LEADER | 00889nam a2200265 a 4500 | ||
|---|---|---|---|
| 001 | 007745710-2 | ||
| 005 | 20024617115958.0 | ||
| 008 | 900518s1980 ja b 001 0 jpn | ||
| 010 | |a 81801443 | ||
| 015 | |a Ja80-17441 | ||
| 035 | 0 | |a ocm21556480 | |
| 040 | |a DLC |c CU-S |d *YNH* |d CStRLIN | ||
| 050 | 0 | |a HB126.J2 |b S77 | |
| 100 | 1 | |6 880-01 |a Sugihara, Shirō, |d 1920- | |
| 245 | 1 | 0 | |6 880-02 |a Kindai Nihon keizai shisō bunken shō / |c Sugihara Shirō cho. |
| 260 | |6 880-03 |a Tōkyō : |b Nihon Keizai Hyōronsha, |c 1980. | ||
| 300 | |a ii, 344, xvi p. ; |c 22 cm. | ||
| 500 | |a Includes index. | ||
| 504 | |a Includes bibliographical references. | ||
| 650 | 0 | |a Economics |z Japan |x History. | |
| 880 | 1 | |6 100-01 |a 杉原四郎, |d 1920- | |
| 880 | 1 | 0 | |6 245-02 |a 近代日本経済思想文献抄 / |c 杉原四郎著. |
| 880 | |6 260-03 |a 東京 : |b 日本経済評論社, |c 1980. | ||
| 988 | |a 20021214 | ||
| 906 | |0 DLC | ||


